| 000 | 00477nam a2200181Ia 4500 | ||
|---|---|---|---|
| 005 | 20250423095256.0 | ||
| 008 | 250422s9999 xx 000 0 und d | ||
| 020 | _a0757505120 | ||
| 050 | _aTA 174 .V56/ | ||
| 100 | _aVinson, Gerald E. | ||
| 245 | 0 | _aEssentials of engineering design graphics: a modular to graphics for engineers | |
| 250 | _a2nd ed. | ||
| 260 | _aIowa | ||
| 260 | _bKendall/ Hunt publishing company | ||
| 260 | _c2003 | ||
| 300 | _a26 p | ||
| 942 | _cBK | ||
| 999 |
_c29778 _d29778 |
||